000
00204 a2200097 4500
001
25181
100
_a
Yarwood, J
245
_a
Atomic physics
260
_a
_b
Uni Totorial Press
_c
090
_c
16966
_d
16966
942
_a
NUST-CAE
_c
M
_c
7742
999
_c
260254
_d
260254